Cités de la Grèce de l'Antiquité - Map Quiz - Statistiques

Statistiques générales
  • Ce quiz a été pris 1 834 fois
  • Le résultat moyen est 7 sur 30
Réponses sur la Carte
Les réponses sont colorées sur une échelle allant du rouge au vert en fonction du pourcentage des utilisateurs qui les ont devinées à leur premier essai. Vous pouvez retrouver ces pourcentages ci-dessous.
 
Statistiques - réponses
Réponse % Correct
Athènes
70%
Sparte
47%
Corinthe
44%
Delos
40%
Amphipolis
38%
Delphes
37%
Argos
35%
Olympie
35%
Pirée
31%
Millet
29%
Thebes
25%
Dodone
21%
Ephèse
21%
Chalcis
20%
Phocée
20%
Cnossos
19%
Erétrie
19%
Chéronée
18%
Elis
18%
Mycènes
18%
Mégaré
17%
Eleusis
16%
Epidaure
16%
Mantinée
15%
Théra
15%
Platées
14%
Pylos
14%
Sicyone
11%
Tégée
11%
Tirynthe
10%
Aucun quiz correspondant
Distribution des résultats
% des personnes avec chaque résultat
Percentile par nombre de réponses
Votre historique - résultats
Vous n’avez pas pris ce quiz